000 01179 a2200205 4500
020 _a0273614177
020 _a9780273614173
082 0 4 _a657
090 _c2417
_d2417
100 1 _aBlake, John.
245 1 0 _aAccounting standards /
_cJohn Blake.
250 _a5 Sub ed.
260 _a[S.l.] :
_bTrans-Atlantic Publications,
_c1995.
300 _a320 p. ;
_c26 cm.
500 _aPaperback.
520 _aEach of this edition's chapters gives an introduction to the standard under scrutiny, with an analysis of its nature and purpose, and discusses practical problems in accounting treatment. Worked examples are included at regular intervals to show how theory operates in practice and to improve skills in examination technique. Questions and solutions are also provided for this purpose. The book covers all extant standards and financial reporting statements, including Financial Reporting Exposure drafts and Urgent Issue Task Force Abstracts.
856 4 0 _3Amazon.com
_uhttp://www.amazon.com/exec/obidos/ASIN/0273614177/chopaconline-20
856 4 0 _3Amazon customer reviews
_uhttp://www.chopac.org/cgi-bin/tools/azrev.pl?q=0273614177
942 _aNBS
_cBK
_k657.48 BLA
999 _c344915
_d344915